LIBRARY ONLINE CATALOGUE

Kamba customary law : (Record no. 4170)

MARC details
000 -LEADER
fixed length control field 00658cam a22002172 4500
001 - CONTROL NUMBER
control field 0000020709
005 - DATE AND TIME OF LATEST TRANSACTION
control field 20151217145926.0
008 - FIXED-LENGTH DATA ELEMENTS--GENERAL INFORMATION
fixed length control field 111005s xx 000 0 eng d
020 ## - INTERNATIONAL STANDARD BOOK NUMBER
International Standard Book Number 9966446133
040 ## - CATALOGING SOURCE
Original cataloging agency KABU
Transcribing agency KABU
100 1# - MAIN ENTRY--PERSONAL NAME
Personal name Penwill, D. J.
-- 0000180152
245 10 - TITLE STATEMENT
Title Kamba customary law :
Remainder of title notes taken in the Machakos District of Kenya /
Statement of responsibility, etc. by D. J. Penwill.
250 ## - EDITION STATEMENT
Edition statement 1st ed.
260 ## - PUBLICATION, DISTRIBUTION, ETC. (IMPRINT)
Place of publication, distribution, etc. Nairobi :
Name of publisher, distributor, etc. K. L. B.,
Date of publication, distribution, etc. 1951.
300 ## - PHYSICAL DESCRIPTION
Extent 122 p.
650 #0 - SUBJECT ADDED ENTRY--TOPICAL TERM
Topical term or geographic name as entry element Law, Kamba.
-- 0000181225
650 #0 - SUBJECT ADDED ENTRY--TOPICAL TERM
Topical term or geographic name as entry element Customary law
Geographic subdivision Kenya.
-- 0000161214
852 1# - LOCATION
-- p500 KES
908 ## - PUT COMMAND PARAMETER (RLIN)
Put command parameter 111005
950 ## - LOCAL HOLDINGS (RLIN)
-- 1
Holdings
Withdrawn status Lost status Source of classification or shelving scheme Not for loan Home library Current library Date acquired Total Checkouts Total Renewals Full call number Barcode Date last seen Date last checked out Price effective from Koha item type
    Library of Congress Classification   Kabarak, Main Campus Kabarak, Main Campus 17/12/2015 3 1 KQ9000 .K36P46 1951 c. 4 19471 08/11/2023 03/11/2023 17/12/2015 General Collection
    Library of Congress Classification   Kabarak, Main Campus Kabarak, Main Campus 17/12/2015 3   KQ9000 .K36P46 1951 c. 2 19474 04/03/2021 16/02/2021 17/12/2015 General Collection
    Library of Congress Classification   Kabarak, Main Campus Kabarak, Main Campus 17/12/2015 2 1 KQ9000 .K36P46 1951 c. 3 19468 17/10/2022 30/09/2022 17/12/2015 General Collection
    Library of Congress Classification   Kabarak, Main Campus Kabarak, Main Campus 17/12/2015 2 1 KQ9000 .K36P46 1951 c. 5 19477 14/08/2024 20/05/2024 17/12/2015 General Collection
    Library of Congress Classification   Kabarak, Main Campus Kabarak, Main Campus 17/12/2015     KQ9000 .K36P46 1951 c. 1 19389 17/12/2015   17/12/2015 Africana Collection